000 00539nam a22001817a 4500
003 CEME
005 20210628202512.0
008 210122b xxu||||| |||| 00| 0 eng d
020 _a0-07-282199-X
040 _c.
082 _a620 HOL
100 _aHoltzapple, Mark .T Reece, W.Dan
_959686
245 _aConcepts in engineering
260 _aNEW YORK
_bMCGRAW HILL
_c2005
300 _aXIII,271 P
650 _aENGINEERING-BASIC CONCEPTS.ENGINEERING ETHICS.ENGINEERING COMMUNICATIONS.INTRODUCTION TO DESIGN.
_960193
942 _cBK
_2ddc
999 _c569988
_d569988